000 00631nam a22001937a 4500
005 20251108164210.0
008 250721s1992 xx 000 0 ara d
082 1 4 _a301.3106/مصا
100 1 _aمصالحة، محمد
245 1 0 _aالمنظمات غير الحكومية دراسة نظرية - تطبيقية :
_bالتجربة الأردنية في مجال البيئة 1992 /
264 1 _aعمان :
_bالجامعة الأردنية،
_c1992.
300 _a91ص.
650 1 7 _aالبيئة
650 1 7 _aالمنظمات
650 1 7 _aالأردن
650 1 7 _aالتلوث
942 _2ddc
_cBK
999 _c6146
_d6146